| 000 | 00494nam a2200181 a 4500 | ||
|---|---|---|---|
| 005 | 20140310183546.0 | ||
| 008 | 110928s19uu xx 00 eng d | ||
| 020 | _a9780070171688 | ||
| 050 |
_aQH 541 _b.M719e5 2010 |
||
| 100 | _aMolles Jr., Manuel | ||
| 245 |
_aEcology : _bconcepts and applications / _cManuel Molles Jr. |
||
| 250 | _a5th ed. | ||
| 260 |
_aBoston : _bMcGraw Hill, _c2010. |
||
| 300 |
_a572 p. : _c27 cm. |
||
| 650 | _aEcology | ||
| 942 |
_cBK _2lcc _kFOR |
||
| 999 |
_c24878 _d24878 |
||